La hegemonia del pueblo y la lucha centroamericana

Guardado en:
Bibliografiske detaljer
Hovedforfatter: González Casanova, Pablo
Format: Texto
Udgivet: México
Tags: Tilføj Tag
Ingen Tags, Vær først til at tagge denne postø!

MARC

LEADER 00000 a a2200000 04500
001 25690
003
040
090 |a 176202  
100 |a González Casanova, Pablo  
245 |a La hegemonia del pueblo y la lucha centroamericana  
260 |a México  
300 |a 174 p.  
999 |c 8033  |d 8033